|
|
|
|
| LEADER |
00000nab#a22000007a#4500 |
| 001 |
arbauad040427 |
| 003 |
AR-BaUAD |
| 005 |
20250711113156.0 |
| 008 |
990930|||||||||###||||||b###|0###a|spa|| |
| 040 |
|
|
|a AR-BaUAD
|c AR-BaUAD
|b spa
|
| 245 |
1 |
0 |
|a Pioneering an Image
|
| 300 |
0 |
|
|b fot., il.
|
| 653 |
|
|
|a DISEÑADORES GRAFICOS
|
| 653 |
|
|
|a MURPHY, MARK
|
| 653 |
|
|
|a IMAGEN CORPORATIVA
|
| 653 |
|
|
|a IMAGEN INSTITUCIONAL
|
| 653 |
|
|
|a DISEÑO GRAFICO
|
| 773 |
0 |
|
|t STEP BY STEP
|g vol.15, no. 5 [set.-oct. 1999], p. 48-55
|
| 942 |
|
|
|c ARTI
|
| 952 |
|
|
|0 0
|1 0
|4 0
|7 0
|9 85346
|a AR-BAuAD
|b AR-BAuAD
|d 2025-07-11
|l 0
|p AAQA040427
|r 2025-07-11 11:31:56
|w 2025-07-11
|y ARTI
|
| 990 |
|
|
|a DG199
|b TD
|
| 998 |
|
|
|a AAQ
|b BIBUN76
|
| 999 |
|
|
|c 65019
|d 65019
|